Geography Quiz

Random Geography or State Quiz

One of Two: U.S. States Edition Quiz Stats

Quiz Updated Jun 13, 2014

Challenge
Share
Tweet
Embed
Score 0/30 Timer 06:00
0 Plays Today
Can you name... States % Correct
One of the two states that borders the state of Washington?Idaho & Oregon
98%
One of the two states to experience the hottest temperatures ever recorded in the U.S.?Arizona & California
97%
One of the two states beginning with the letter 'K'?Kansas & Kentucky
95.3%
One of the two states in which a U.S. President was assassinated?New York & Texas
93.7%
One of the two states to host the Olympic games since 1990?Georgia & Utah
93%
One of the two states that are east of the Mississippi and begin with the letter 'I'?Indiana & Illinois
91%
One of the two states to border two or more Great Lakes but not the Atlantic Ocean?Michigan & Wisconsin
87.2%
One of the two states that claims to be the home of eight U.S. Presidents?Ohio & Virginia
86.8%
One of the two states that has the complete name of another state within its name?Arkansas & West Virginia
83.4%
One of the two states that are not contiguous to the other 48?Alaska & Hawaii
82.3%
One of the two states that are contiguous and have a population of less than 7 people per sq. mile?Montana & Wyoming
80.7%
One of the two states in the Mid-Atlantic region to house a federal service academy?Maryland & New York
74%
One of the two states that borders Delaware Bay?Delaware & New Jersey
72.4%
One of the two states with a Big 4 sports team named after a type of music?Missouri & Utah
69.1%
One of the two states that is home to a National Park Service memorial related to an act of terrorism?Oklahoma & Pennsylvania
63.2%
Can you name... States % Correct
One of the two states that is home to Great Smoky Mountains National Park?North Carolina & Tennessee
61.4%
One of the two states named for King Charles I of England?North Carolina & South Carolina
61.2%
One of the two states named after people who were neither born in England nor were British royalty?Louisiana & Washington
59.9%
One of the two states whose capital city honors a President whose last name begins with the letter 'J'?Mississippi & Missouri
58.1%
One of the two states with the word 'free' in English in their motto?New Hampshire & Vermont
47.6%
One of the two states admitted to the Union in 1912?Arizona & New Mexico
47.1%
One of the two states with the most USCA curling clubs?Minnesota & Wisconsin
46.1%
One of the two states whose state mammal is a variety of big-horned sheep?Colorado & Nevada
41.7%
One of the two states in which the Pawcatuck River flows?Connecticut & Rhode Island
33.2%
One of the two states that can split their electoral votes between two Presidential candidates?Maine & Nebraska
32.4%
One of the two states whose state flower is the wild prairie rose?Iowa & North Dakota
28.8%
One of the two states that contains a national memorial honoring Abraham Lincoln?Indiana & South Dakota
27.8%
One of the two states whose entire flag contains a Saltire (cross of St. Andrew)?Alabama & Florida
20.2%
One of the two states whose state bird is the black-capped Chickadee?Maine & Massachusetts
19.3%
One of the two states whose state song is the word 'Beautiful' and the name of the state?Nebraska & Ohio
9.1%

You're not logged in!

Compare scores with friends on all Sporcle quizzes.
Sign Up with Email
OR
Log In

You Might Also Like...

Show Comments

Extras

Top Quizzes Today


Score Distribution

Your Account Isn't Verified!

In order to create a playlist on Sporcle, you need to verify the email address you used during registration. Go to your Sporcle Settings to finish the process.